Chemistry
Zapisane w:
| Główni autorzy: | , |
|---|---|
| Format: | Książka |
| Język: | angielski |
| Wydane: |
Nueva York
McGraw-Hill
1957
|
| Hasła przedmiotowe: | |
| Etykiety: |
Dodaj etykietę
Nie ma etykietki, Dołącz pierwszą etykiete!
|
MARC
| LEADER | 00000nam a2200000 a 4500 | ||
|---|---|---|---|
| 001 | UCR4838 | ||
| 003 | CL-VaPUC | ||
| 008 | 980320e19570000US |||||||||||||||||eng|d | ||
| 082 | 0 | 4 | |a 540 |b SIE |2 21 |
| 100 | 0 | |a Sienko, Michell J |e author |9 405326 | |
| 700 | 0 | |a Plane, Robert A |e author |9 405327 | |
| 245 | 1 | 0 | |a Chemistry |
| 300 | |a 633 p | ||
| 942 | |c BK | ||
| 945 | |d 19980320 00:00:00 |a aolguin | ||
| 260 | |a Nueva York |b McGraw-Hill |c 1957 | ||
| 650 | 0 | |a Química |9 259896 | |
| 650 | 0 | |a Átomos |9 259583 | |
| 650 | 7 | |a PRODUCTOS QUIMICOS INORGANICOS |2 CL-VaPUC |9 344421 | |
| 650 | 0 | |a Gases |9 260945 | |
| 650 | 0 | |a Sólidos |9 260188 | |
| 650 | 0 | |a Líquidos |9 260946 | |
| 650 | 7 | |a EQUILIBRIOS QUIMICOS |2 CL-VaPUC |9 336637 | |
| 583 | |a last modification |c 19980320 00:00:00 |k Rodrigo Vera | ||
| 999 | |c 267641 |d 267639 | ||